Central Library OPAC University of Rajshahi

বাল্মীকি রামায়ণ / (Record no. 77321)

MARC details
000 -LEADER
fixed length control field 00761nam a22002177a 4500
001 - CONTROL NUMBER
control field 77321
003 - CONTROL NUMBER IDENTIFIER
rucl marc code BD-RjUL
005 - DATE AND TIME OF LATEST TRANSACTION
control field 20211209082946.0
008 - FIXED-LENGTH DATA ELEMENTS--GENERAL INFORMATION
fixed length control field 200312s2019 bg ||||| |||| 00| 0 eng d
035 ## - SYSTEM CONTROL NUMBER
System control number (BD-RjUL)77546
040 ## - CATALOGING SOURCE
Original cataloging agency BD-RjUL
Language of cataloging eng
Transcribing agency BD-RjUL
041 ## - LANGUAGE CODE
Language code of text/sound track or separate title ben
082 ## - DEWEY DECIMAL CLASSIFICATION NUMBER
Edition number 23
Classification number 294.5922
Author mark and year RAR 2019
100 ## - MAIN ENTRY--PERSONAL NAME
Personal name রায়, কানাই লাল
9 (RLIN) 240870
245 10 - TITLE STATEMENT
Title বাল্মীকি রামায়ণ /
Statement of responsibility, etc. কানাই লাল রায়
260 ## - PUBLICATION, DISTRIBUTION, ETC. (IMPRINT)
Place of publication, distribution, etc. ঢাকা :
Name of publisher, distributor, etc. সময় প্রকাশন,
Date of publication, distribution, etc. ২০১৯
300 ## - PHYSICAL DESCRIPTION
Pagination ২৫৫ পৃ.;
Size ২৩ সেমি.
650 ## - SUBJECT ADDED ENTRY--TOPICAL TERM
Topical term or geographic name as entry element রামায়ণ (বাল্মীকি )
9 (RLIN) 119071
Topical term or geographic name as entry element Rāmāyaṇa (Vālmīki)
9 (RLIN) 240871
942 ## - ADDED ENTRY ELEMENTS (KOHA)
Source of classification or shelving scheme Dewey Decimal Classification
Koha item type Books
Holdings
Lost status Source of classification or shelving scheme Damaged status Not for loan Collection code Permanent Location Current Location Shelving location Date acquired Source of acquisition Cost, normal purchase price Total Checkouts Full call number Date last seen Date checked out Copy number Koha item type
  Dewey Decimal Classification     Non-fiction Central Library, University of Rajshahi Central Library, University of Rajshahi   05/03/2020 Kanai Lal ray 272.00 5 B 294.5922 RAR 2019 11/11/2025 28/10/2025 C-2 Books
  Dewey Decimal Classification   Not For Loan Non-fiction Central Library, University of Rajshahi Central Library, University of Rajshahi Reading Room 05/03/2020 Kanai Lal ray 272.00   B 294.5922 RAR 2019 12/03/2020   C-1 Books
  Dewey Decimal Classification     Non-fiction Central Library, University of Rajshahi Central Library, University of Rajshahi General Stacks 23/03/2023 Rajshahi : Biddasagar 255.00 2 B 294.5922 RAR 2019 27/10/2025 12/10/2025 C-3 Books
  Dewey Decimal Classification     Non-fiction Central Library, University of Rajshahi Central Library, University of Rajshahi General Stacks 23/03/2023 Rajshahi : Biddasagar 255.00 3 B 294.5922 RAR 2019 21/01/2024 15/01/2024 C-4 Books
  Dewey Decimal Classification     Non-fiction Central Library, University of Rajshahi Central Library, University of Rajshahi General Stacks 23/03/2023 Rajshahi : Biddasagar 255.00   B 294.5922 RAR 2019 28/05/2023   C-5 Books
  Dewey Decimal Classification     Non-fiction Central Library, University of Rajshahi Central Library, University of Rajshahi General Stacks 19/10/2025 Biddasagar, Rajshahi 255.00   B 294.5922 RAR 2019 23/10/2025   C-6 Books
  Dewey Decimal Classification     Non-fiction Central Library, University of Rajshahi Central Library, University of Rajshahi General Stacks 19/10/2025 Biddasagar, Rajshahi 255.00   B 294.5922 RAR 2019 23/10/2025   C-7 Books
  Dewey Decimal Classification     Non-fiction Central Library, University of Rajshahi Central Library, University of Rajshahi General Stacks 19/10/2025 Biddasagar, Rajshahi 255.00   B 294.5922 RAR 2019 23/10/2025   C-8 Books